00581nam a2200181Ia 4500008004100000082001300041100002500054245008700079250000800166260002500174300001100199500002400210650001200234700002600246942000700272952010300279999001700382230524s9999 xx 000 0 und d a530bHAL aAlvin Halpern923895 0a"Beginning Physics-II (Schaum's Outline of Theory & Problems in Waves,Electromag)" a1ST aNEW DELHIbTMHc2004 aXII529 aQuantity Number: 1 aPhysics a Erich Erlbach923896 cBK 00104070aTATCLbTATCLcGENd2023-05-24l0o530 HALp11036r2023-05-24w2023-05-24yBKzBSCP2201 c35424d35424